|
|
|
|
| LEADER |
00000cam a2200000Ii 4500 |
| 001 |
JSTOR_ocn978352221 |
| 003 |
OCoLC |
| 005 |
20231005004200.0 |
| 006 |
m o d |
| 007 |
cr cnu---unuuu |
| 008 |
170324s2013 ck ob 000 f spa d |
| 010 |
|
|
|a 2014419735
|
| 040 |
|
|
|a JSTOR
|b eng
|e rda
|e pn
|c JSTOR
|d OCLCF
|d YDX
|d IOG
|d DGITA
|d LUN
|d UX1
|d OCLCO
|d OCLCQ
|
| 019 |
|
|
|a 978682746
|a 978883401
|a 979197210
|a 979373885
|a 979839908
|a 980098617
|a 980513957
|a 980636607
|a 1170711605
|a 1175635515
|
| 020 |
|
|
|a 9789586958653
|q (electronic bk.)
|
| 020 |
|
|
|a 9586958655
|q (electronic bk.)
|
| 020 |
|
|
|z 9789586958646
|
| 020 |
|
|
|z 9586958647
|
| 035 |
|
|
|a (OCoLC)978352221
|z (OCoLC)978682746
|z (OCoLC)978883401
|z (OCoLC)979197210
|z (OCoLC)979373885
|z (OCoLC)979839908
|z (OCoLC)980098617
|z (OCoLC)980513957
|z (OCoLC)980636607
|z (OCoLC)1170711605
|z (OCoLC)1175635515
|
| 037 |
|
|
|a 22573/ctt1mtxwz5
|b JSTOR
|
| 050 |
|
4 |
|a PQ8179.A5
|b A6 2013eb
|
| 072 |
|
7 |
|a SOC032000
|2 bisacsh
|
| 072 |
|
7 |
|a HIS024000
|2 bisacsh
|
| 072 |
|
7 |
|a LCO000000
|2 bisacsh
|
| 072 |
|
7 |
|a HIS037060
|2 bisacsh
|
| 080 |
|
|
|a 821.134.286.1-3
|
| 082 |
0 |
4 |
|a 863/.62
|2 23
|
| 049 |
|
|
|a UAMI
|
| 100 |
1 |
|
|a Acosta de Samper, Soledad,
|d 1833-1913,
|e author.
|
| 240 |
1 |
0 |
|a Novels.
|k Selections
|
| 245 |
1 |
0 |
|a Laura, Constancia y Una venganza :
|b tres novelas /
|c de Soledad Acosta de Samper ; edición, prólogo y notas de Carolina Alzate.
|
| 250 |
|
|
|a Primera edición.
|
| 264 |
|
1 |
|a Bogotá, Colombia :
|b Ediciones Uniandes :
|b Instituto Caro y Cuervo,
|c 2013.
|
| 300 |
|
|
|a 1 online resource (240 pages)
|
| 336 |
|
|
|a text
|b txt
|2 rdacontent
|
| 337 |
|
|
|a computer
|b c
|2 rdamedia
|
| 338 |
|
|
|a online resource
|b cr
|2 rdacarrier
|
| 490 |
1 |
|
|a Publicaciones del Instituto Caro y Cuervo. Serie Coediciones ;
|v 4
|
| 504 |
|
|
|a Includes bibliographical references.
|
| 588 |
0 |
|
|a Print version record.
|
| 590 |
|
|
|a JSTOR
|b Books at JSTOR Demand Driven Acquisitions (DDA)
|
| 590 |
|
|
|a JSTOR
|b Books at JSTOR All Purchased
|
| 650 |
|
0 |
|a Colombian fiction.
|
| 650 |
|
6 |
|a Roman colombien.
|
| 650 |
|
7 |
|a SOCIAL SCIENCE / Gender Studies
|2 bisacsh
|
| 650 |
|
7 |
|a Colombian fiction.
|2 fast
|0 (OCoLC)fst00868375
|
| 700 |
1 |
|
|a Alzate, Carolina,
|e editor.
|
| 700 |
1 |
2 |
|i Container of (work):
|a Acosta de Samper, Soledad,
|d 1833-1913.
|t Laura.
|
| 700 |
1 |
2 |
|i Container of (work):
|a Acosta de Samper, Soledad,
|d 1833-1913.
|t Constancia.
|
| 700 |
1 |
2 |
|i Container of (work):
|a Acosta de Samper, Soledad,
|d 1833-1913.
|t Venganza.
|
| 740 |
0 |
2 |
|a Laura.
|
| 740 |
0 |
2 |
|a Constancia.
|
| 740 |
0 |
2 |
|a Venganza.
|
| 776 |
0 |
8 |
|i Print version:
|a Acosta de Samper, Soledad, 1833-1913.
|s Novels. Selections.
|t Laura, Constancia y Una venganza.
|b Primera edición.
|d Bogotá, Colombia : Ediciones Uniandes : Instituto Caro y Cuervo, 2013
|z 9789586958646
|w (DLC) 2014419735
|w (OCoLC)858586205
|
| 830 |
|
0 |
|a Publicaciones del Instituto Caro y Cuervo.
|p Serie Coediciones ;
|v 4.
|
| 856 |
4 |
0 |
|u https://jstor.uam.elogim.com/stable/10.7440/j.ctt1mtz4z0
|z Texto completo
|
| 938 |
|
|
|a Digitalia Publishing
|b DGIT
|n DIGUANDES429
|
| 938 |
|
|
|a YBP Library Services
|b YANK
|n 13780782
|
| 994 |
|
|
|a 92
|b IZTAP
|